On eagels wings: intimate history of 125 years of st aloysius college. (Record no. 174805)
[ view plain ]
| 000 -LEADER | |
|---|---|
| fixed length control field | 00540nam a2200181Ia 4500 |
| 003 - CONTROL NUMBER IDENTIFIER | |
| control field | OSt |
| 005 - DATE AND TIME OF LATEST TRANSACTION | |
| control field | 20230602121247.0 |
| 008 - FIXED-LENGTH DATA ELEMENTS--GENERAL INFORMATION | |
| fixed length control field | 210423s2005 xx 000 0 und d |
| 040 ## - CATALOGING SOURCE | |
| Transcribing agency | AL |
| 041 ## - LANGUAGE CODE | |
| Language code of text/sound track or separate title | eng |
| 082 ## - DEWEY DECIMAL CLASSIFICATION NUMBER | |
| Classification number | 370 |
| Edition number | 23 |
| Item number | MADO |
| 100 ## - MAIN ENTRY--PERSONAL NAME | |
| Personal name | MADTHA (Prashant),Ed. |
| 9 (RLIN) | 118938 |
| 245 ## - TITLE STATEMENT | |
| Title | On eagels wings: intimate history of 125 years of st aloysius college. |
| 260 ## - PUBLICATION, DISTRIBUTION, ETC. | |
| Place of publication, distribution, etc. | Mangalore |
| Name of publisher, distributor, etc. | SACAA |
| Date of publication, distribution, etc. | 2005 |
| 365 ## - TRADE PRICE | |
| Price amount | 400 |
| Currency code | INR |
| 906 ## - LOCAL DATA ELEMENT F, LDF (RLIN) | |
| a | 125 ; aloysius ; college. ; eagels ; history ; intimate ; st ; wings: ; years |
| 942 ## - ADDED ENTRY ELEMENTS (KOHA) | |
| Source of classification or shelving scheme | Dewey Decimal Classification |
| Koha item type | Book |
| Withdrawn status | Lost status | Damaged status | Not for loan | Collection code | Home library | Current library | Date acquired | Cost, normal purchase price | Total Checkouts | Full call number | Barcode | Date last seen | Date last checked out | Price effective from | Koha item type |
|---|---|---|---|---|---|---|---|---|---|---|---|---|---|---|---|
| MSW | St Aloysius PG Library | St Aloysius PG Library | 05/12/2007 | 400.00 | 2 | 370 MADO | PG021492 | 07/25/2025 | 07/01/2025 | 04/26/2021 | Book |